読みが5文字の市町村人口ランキング - Statistics

General Stats
  • This quiz has been taken 468 times
  • The average score is 37 of 50
Answer Stats
順位 都道府県名 自治体名 推計人口 % Correct
1 神奈川県 相模原市 723,586
98%
3 栃木県 宇都宮市 511,852
98%
2 東京都 八王子市 577,292
96%
8 福島県 郡山市 319,202
95%
11 山口県 下関市 240,851
95%
5 兵庫県 尼崎市 454,123
94%
9 北海道 旭川市 314,522
94%
4 兵庫県 西宮市 482,716
93%
10 三重県 四日市市 300,457
93%
6 愛知県 一宮市 372,927
91%
7 埼玉県 所沢市 340,774
88%
15 新潟県 上越市 179,294
85%
17 茨城県 ひたちなか市 153,213
85%
12 兵庫県 宝塚市 220,927
83%
16 北海道 苫小牧市 165,502
83%
19 宮城県 石巻市 131,806
82%
24 岩手県 一関市 103,959
82%
21 静岡県 富士宮市 123,783
78%
27 新潟県 三条市 90,004
77%
22 広島県 廿日市市 112,649
76%
23 岩手県 奥州市 106,206
76%
26 大阪府 泉佐野市 99,489
75%
18 東京都 国分寺市 132,358
74%
20 山口県 周南市 131,327
73%
14 愛知県 安城市 185,718
72%
25 愛媛県 西条市 100,184
72%
28 愛知県 北名古屋市 86,009
72%
13 千葉県 流山市 212,901
71%
30 愛知県 蒲郡市 77,435
70%
31 新潟県 柏崎市 76,086
70%
32 京都府 福知山市 74,749
70%
33 北海道 岩見沢市 74,226
70%
45 香川県 観音寺市 54,586
68%
34 群馬県 館林市 73,502
66%
44 宮城県 気仙沼市 56,107
66%
39 千葉県 袖ケ浦市 65,108
65%
35 岐阜県 中津川市 72,823
63%
38 栃木県 大田原市 69,712
63%
47 福島県 二本松市 50,495
63%
29 埼玉県 本庄市 77,528
62%
46 沖縄県 宮古島市 53,022
62%
40 沖縄県 豊見城市 65,009
60%
41 宮城県 多賀城市 62,292
60%
50 新潟県 十日町市 45,865
58%
49 沖縄県 南城市 46,061
56%
36 京都府 城陽市 72,218
54%
43 茨城県 常総市 58,887
54%
42 大阪府 藤井寺市 61,795
53%
37 埼玉県 鶴ヶ島市 70,068
52%
48 愛知県・知多郡 東浦町 49,478
45%
No matching quizzes found
Score Distribution
Percent of People with Each Score
Percentile by Number Answered
Your Score History
You have not taken this quiz